| 000 | 01312nam a22002657a 4500 | ||
|---|---|---|---|
| 001 | 200461021 | ||
| 003 | TR-AnTOB | ||
| 005 | 20240612140208.0 | ||
| 008 | 240612b tu ||||| |||| 00| 0 tur d | ||
| 020 | _a9786051884394 | ||
| 040 |
_aTR-AnTOB _beng _erda _cTR-AnTOB |
||
| 041 |
_atur _beng |
||
| 092 |
_a823.914 _bCUT 2023 |
||
| 100 |
_qCutbill, Andy. _eAuthor. |
||
| 245 |
_aAma bu inek yumurtluyor! / _cAndy Cutbill ; res. Russell Ayto ; çev. Nurten Hatırmaz ; ed. Nurten Hatırmaz. 264 1 $a İstanbul : $b Beyaz Balina Yayınları, |
||
| 260 |
_aİstanbul : _bBeyaz Balina Yayınları, _c2023. |
||
| 300 |
_a32 Pages. : _bill. ; _c25 cm. |
||
| 336 |
_atext _btxt _2rdacontent |
||
| 337 |
_aunmediated _bn _2rdamedia |
||
| 338 |
_avolume _bnc _2rdacarrier |
||
| 500 | _aİnek Menekşe çok mutsuz çünkü o ne diğer inekler gibi bisiklete binebiliyor ne de amuda kalkabiliyor, bu yüzden de kendini hiç özel hissetmiyor. Derken bir sabah olağanüstü bir şey oluyor: Menekşe yumurtluyor! Ya da o öyle zannediyor. Çiftlikteki herkes şaşkın. İnsanlar dört bir yandan yumurtlayan ineği görmeye geliyor. Ve herkes yumurtadan ne çıkacağını beklemeye koyuluyor. | ||
| 942 |
_2ddc _cBK |
||
| 999 |
_c200461021 _d79233 |
||